|
|
|
|
| LEADER |
01441ncm a2200373 a 4500 |
| 001 |
000811068 |
| 003 |
CZ BrMZK |
| 005 |
20100416150303.0 |
| 007 |
qu |
| 008 |
060309s2005 xr msang e cze d |
| 024 |
2 |
|
|a M-2601-0370-2
|
| 028 |
0 |
0 |
|a H 7990
|b Editio Bärenreiter Praha
|
| 040 |
|
|
|a BOA001
|b cze
|
| 041 |
1 |
|
|g cze
|g ger
|g eng
|
| 072 |
|
7 |
|a 784
|x Vokální hudba
|2 Konspekt
|9 9
|
| 080 |
|
|
|a 783.21:78.087.684
|2 MRF
|
| 080 |
|
|
|a 78.089.6
|2 MRF
|
| 100 |
1 |
|
|a Michna z Otradovic, Adam Václav,
|d 1600-1676
|7 jk01081495
|4 cmp
|
| 245 |
1 |
0 |
|a Sacra et litaniae.
|n Pars 4,
|p Missa IV
|h [hudebnina] /
|c Adam Michna z Otradovic ; ed. Vratislav Bělský, Jiří Sehnal
|
| 250 |
|
|
|a 1. vyd.
|
| 254 |
|
|
|a Partitura
|
| 260 |
|
|
|a Praha:
|b Editio Bärenreiter,
|c 2005
|
| 300 |
|
|
|a 1 partitura (xii, 62 s.) ;
|c 31 cm
|
| 490 |
1 |
|
|a Adam Michna z Otradovic compositiones ;
|v vol. 9
|
| 546 |
|
|
|a Doprovodný text česky, německy a anglicky
|
| 650 |
0 |
7 |
|a mše (smíšený sbor, komorní orchestr, varhany)
|7 ph334673
|2 czenas
|
| 655 |
|
7 |
|a partitury
|7 fd185981
|2 czenas
|
| 700 |
1 |
|
|a Bělský, Vratislav,
|d 1924-2003
|7 js20030721005
|4 edt
|
| 700 |
1 |
|
|a Sehnal, Jiří,
|d 1931-
|7 jk01110611
|4 edt
|
| 800 |
1 |
|
|a Michna z Otradovic, Adam Václav,
|d 1600-1676.
|t Compositiones
|
| 910 |
|
|
|a BOA001
|b Mus4-1161.987,4
|
| 990 |
|
|
|a MU
|
| 991 |
|
|
|b 200603
|c NOV
|
| 996 |
6 |
|
|b 2610273322
|c Mus4-1161.987,4
|l MZK
|r Sklad / do 1 hodiny
|n 4
|w 000811068
|u 000010
|a 1
|e BOA001
|j MZK50
|s P
|